[Event "Prague Int Open 2026"]
[Site "Prague CZE"]
[Date "2026.02.28"]
[Round "3.13"]
[White "Haug, Havard"]
[Black "Harish, Neeraj"]
[Result "1/2-1/2"]
[WhiteTitle "FM"]
[BlackTitle "CM"]
[WhiteElo "2412"]
[BlackElo "2223"]
[WhiteFideId "1547887"]
[BlackFideId "30958130"]
[EventDate "2026.02.26"]

1. c4 e6 2. Nf3 d5 3. cxd5 exd5 4. d4 c6 5. Bf4 Bd6 6. Bxd6 Qxd6 7. Nc3 Ne7 8.
e3 O-O 9. Qb3 Bf5 10. Be2 Nd7 11. O-O Rab8 12. Rfc1 h6 13. a3 Nc8 14. Qd1 a5 15.
Na4 Qe7 16. Qd2 Ra8 17. b4 axb4 18. axb4 Nd6 19. Nc5 b5 20. Nxd7 Bxd7 21. h3 Nc4
22. Qc3 Bf5 23. Nd2 Rfe8 24. Bf3 Qd6 25. Nf1 Bg6 26. Ng3 Qe7 27. Ne2 Bf5 28. Nf4
Qf8 29. h4 Rxa1 30. Rxa1 Ra8 31. g4 Be4 32. Bxe4 dxe4 33. Kg2 Rxa1 34. Qxa1 Qxb4
35. d5 cxd5 36. Qa8+ Qf8 37. Qxd5 Nd6 38. g5 hxg5 39. hxg5 Kh7 40. Kf1 Qe7 41.
Qc5 1/2-1/2

[Event "Prague Int Open 2026"]
[Site "Prague CZE"]
[Date "2026.02.28"]
[Round "3.14"]
[White "Stalmach, Richard"]
[Black "Mametev, Artem"]
[Result "1-0"]
[WhiteTitle "IM"]
[WhiteElo "2408"]
[BlackElo "2217"]
[WhiteFideId "372048"]
[BlackFideId "23710195"]
[EventDate "2026.02.26"]

1. d4 Nf6 2. c4 g6 3. Nc3 Bg7 4. e4 d6 5. Be2 O-O 6. Be3 e5 7. d5 Na6 8. g4 Nc5
9. f3 h5 10. g5 Nh7 11. h4 f6 12. Qd2 a5 13. Nh3 a4 14. gxf6 Bxf6 15. O-O-O a3
16. Bxc5 axb2+ 17. Kxb2 dxc5 18. Qh6 Bg7 19. Qxg6 Bg4 20. Ng5 Nxg5 21. hxg5 Rxf3
22. Bxf3 Bxf3 23. Rdf1 Ra6 24. Qf5 Bxh1 25. Qf7+ Kh8 26. Rxh1 1-0

[Event "Prague Int Open 2026"]
[Site "Prague CZE"]
[Date "2026.02.28"]
[Round "3.15"]
[White "Loos, Roland"]
[Black "Smolik, Jachym"]
[Result "0-1"]
[BlackTitle "FM"]
[WhiteElo "2230"]
[BlackElo "2401"]
[WhiteFideId "4643232"]
[BlackFideId "23701641"]
[EventDate "2026.02.26"]

1. d4 Nf6 2. c4 e6 3. Nf3 Bb4+ 4. Bd2 Qe7 5. Nc3 O-O 6. e3 d6 7. a3 Bxc3 8. Bxc3
Ne4 9. Qc2 Nxc3 10. Qxc3 a5 11. c5 Bd7 12. Be2 Bc6 13. O-O a4 14. Rac1 Na6 15.
cxd6 cxd6 16. Nd2 Nc7 17. e4 f5 18. e5 Nd5 19. Qg3 dxe5 20. Qxe5 Rf6 21. Rfe1
Rg6 22. Nf3 Rg4 23. h3 Re4 24. Qg3 Nf4 25. Bc4 Rf8 26. Qg5 Rf6 27. Rxe4 fxe4 28.
Ne5 Qf8 29. Kh2 Rf5 30. Qg4 Qf6 0-1

[Event "Prague Int Open 2026"]
[Site "Prague CZE"]
[Date "2026.02.28"]
[Round "3.16"]
[White "Radzimski, Antoni"]
[Black "Campos, Maria Jose"]
[Result "0-1"]
[WhiteTitle "FM"]
[BlackTitle "WIM"]
[WhiteElo "2400"]
[BlackElo "2192"]
[WhiteFideId "21052476"]
[BlackFideId "146803"]
[EventDate "2026.02.26"]

1. d4 d5 2. c4 e6 3. Nc3 Nf6 4. Bg5 Nbd7 5. e3 Be7 6. Nf3 h6 7. Bh4 O-O 8. Rc1
a6 9. cxd5 exd5 10. Bd3 c6 11. O-O Ne4 12. Bxe7 Qxe7 13. Bxe4 dxe4 14. Nd2 Nf6
15. a3 Bf5 16. Na4 Rad8 17. Nc5 Bc8 18. Qc2 Rfe8 19. b4 Rd5 20. Rce1 Rh5 21. f3
exf3 22. Rxf3 Ng4 23. h3 Qh4 24. Nd3 Nf6 25. Ref1 Rg5 26. Nf2 Rg3 27. e4 Nh5 28.
Qb3 Be6 29. Qe3 Rxf3 30. Qxf3 Qg5 31. Rd1 a5 32. bxa5 Ra8 33. Nf1 Rxa5 34. Rb1
Nf4 35. g4 Ng6 36. Rxb7 Qc1 37. Qe3 Qa1 38. Qd2 Qxa3 39. Qb4 Qa1 40. Qb2 Bc4 41.
Qb1 Bxf1 42. Kxf1 Qxd4 43. Qb3 Ra1+ 44. Ke2 Nf4+ 45. Kf3 Ne6 46. Qb2 Qa4 47.
Rb8+ Kh7 48. Qe5 Nd4+ 49. Kg2 Rg1+ 0-1

[Event "Prague Int Open 2026"]
[Site "Prague CZE"]
[Date "2026.03.01"]
[Round "4.1"]
[White "Smolik, Jachym"]
[Black "Sasikiran, Krishnan"]
[Result "1/2-1/2"]
[WhiteTitle "FM"]
[BlackTitle "GM"]
[WhiteElo "2401"]
[BlackElo "2538"]
[WhiteFideId "23701641"]
[BlackFideId "5004985"]
[EventDate "2026.02.26"]

1. Nf3 Nf6 2. c4 e6 3. Nc3 d5 4. e3 b6 5. b3 Bb7 6. cxd5 exd5 7. Bb2 a6 8. Rc1
Nbd7 9. a3 Bd6 10. Ne2 g6 11. Rc2 O-O 12. Ng3 Re8 13. Be2 h5 14. O-O Nh7 15. Re1
h4 16. Nf1 Qe7 17. h3 Rac8 18. d4 Bxa3 19. Bxa3 Qxa3 20. Qc1 Qxb3 21. Rxc7 Qb4
22. Rxc8 Rxc8 23. Qa1 b5 24. Nxh4 Nhf6 25. Rb1 Qc3 26. Qa2 Nb6 27. Rb3 Qc7 28.
Nf3 Nc4 29. Rb1 Ne4 30. Qb3 Qa5 31. Rc1 Qa3 32. Qxa3 Nxa3 33. Rxc8+ Bxc8 34.
N1d2 Nc3 35. Kf1 a5 36. Ne5 a4 37. Nc6 Bd7 38. Nb4 Bf5 39. g4 Nc2 40. Nxd5 Nxd5
41. gxf5 a3 42. Bxb5 a2 1/2-1/2

[Event "Prague Int Open 2026"]
[Site "Prague CZE"]
[Date "2026.03.01"]
[Round "4.2"]
[White "Zhao, Jun"]
[Black "Eren, Ataberk"]
[Result "1-0"]
[WhiteTitle "GM"]
[BlackTitle "IM"]
[WhiteElo "2533"]
[BlackElo "2391"]
[WhiteFideId "8602522"]
[BlackFideId "6349765"]
[EventDate "2026.02.26"]

1. e4 e5 2. Nf3 Nc6 3. Bb5 a6 4. Ba4 Nf6 5. d3 b5 6. Bb3 Be7 7. O-O d6 8. c3 O-O
9. Re1 Na5 10. Bc2 c5 11. Nbd2 Nc6 12. Nf1 Re8 13. Bg5 Be6 14. Bb3 Nd7 15. Bxe6
fxe6 16. Bd2 Nb6 17. Ne3 Rf8 18. b4 cxb4 19. cxb4 Qd7 20. Ng4 Na4 21. h3 Bd8 22.
a3 Bb6 23. Be3 Nd4 24. Nxd4 exd4 25. Bd2 e5 26. Rf1 Qe6 27. f4 exf4 28. Bxf4 Nc3
29. Qd2 Rf7 30. Bg3 Raf8 31. Rxf7 Rxf7 32. Re1 Qg6 33. Bf2 h6 34. Kh1 Qe6 35.
Bg1 Qb3 36. e5 dxe5 37. Nxe5 Re7 38. Nc6 Rxe1 39. Qxe1 Qf7 40. Nxd4 Nd5 41. Qe4
Bxd4 42. Bxd4 Nf4 43. Be5 Nd5 44. Kh2 Kh8 45. Qd4 Ne7 46. Qd6 Ng6 47. Bg3 Kh7
48. Qxa6 Qf5 49. Qd6 h5 50. Qc5 Qxd3 51. Qxh5+ Kg8 52. Qc5 Nf8 53. Qc6 Nd7 54.
a4 bxa4 55. Qxa4 Nf6 56. Qa8+ Kf7 57. Qb7+ Kg6 58. b5 Nd5 59. Be5 Kf5 60. Bxg7
Qc4 61. Qf7+ Kg5 62. b6 Qc6 63. Be5 1-0

[Event "Prague Int Open 2026"]
[Site "Prague CZE"]
[Date "2026.03.01"]
[Round "4.3"]
[White "Svanda, Ondrej"]
[Black "Sahidi, Samir"]
[Result "1/2-1/2"]
[WhiteTitle "IM"]
[BlackTitle "IM"]
[WhiteElo "2366"]
[BlackElo "2522"]
[WhiteFideId "359670"]
[BlackFideId "14936372"]
[EventDate "2026.02.26"]

1. e4 e5 2. Nf3 Nc6 3. Bb5 a6 4. Ba4 Nf6 5. O-O b5 6. Bb3 Bc5 7. a4 Rb8 8. axb5
axb5 9. Nxe5 Nxe5 10. d4 Bxd4 11. Qxd4 d6 12. f4 Ng6 13. e5 dxe5 14. Qxd8+ Kxd8
15. fxe5 Nxe5 16. Bg5 h6 17. Bh4 Rb6 18. Nc3 Bb7 19. Bf2 Ra6 20. Nxb5 Rxa1 21.
Rxa1 Re8 22. Rd1+ Kc8 23. Ba4 Bc6 24. Na7+ Kb7 25. Nxc6 Nxc6 26. Rd3 Re6 27. Bb3
Re7 28. h3 Ne5 29. Rd8 Nfd7 30. Kf1 f5 31. Bh4 g5 32. Be1 Ng6 33. Bb4 c5 34. Ba5
Kc6 35. Ba4+ Kd6 36. b4 Ne5 37. bxc5+ Kxc5 38. c3 Kd5 39. Bb4 Rh7 40. Rc8 g4 41.
hxg4 Nxg4 42. Rc7 Ngf6 43. c4+ Kd4 44. Ba3 Kc3 45. c5 Nf8 46. Rxh7 N8xh7 47. c6
Ne8 48. Bc1 Ng5 49. Bf4 Ne6 50. Bxh6 Kb4 51. Bc2 Nd6 52. c7 Nxc7 53. Bf8 Kc5 54.
Bxf5 Kd5 55. Bb1 Ne4 56. Kg1 Ne6 57. Bh6 N6g5 58. Kh2 Ke6 59. Bc2 Kf7 60. Kg1
Kf6 61. Bf8 Kf5 62. Ba3 Kg4 63. Bd1+ Kg3 64. Bb2 Kf4 65. Bf3 Nxf3+ 66. gxf3 Kxf3
67. Bc3 Nxc3 1/2-1/2

[Event "Prague Int Open 2026"]
[Site "Prague CZE"]
[Date "2026.03.01"]
[Round "4.4"]
[White "Krzyzanowski, Marcin"]
[Black "Hulka, Valentyn"]
[Result "1-0"]
[WhiteTitle "GM"]
[BlackTitle "FM"]
[WhiteElo "2494"]
[BlackElo "2368"]
[WhiteFideId "1132199"]
[BlackFideId "34107061"]
[EventDate "2026.02.26"]

1. d4 d5 2. c4 e6 3. Nc3 a6 4. cxd5 exd5 5. Nf3 Nf6 6. Bg5 Be6 7. Bxf6 Qxf6 8.
Qb3 Ra7 9. h4 h6 10. e3 Qd8 11. Bd3 c5 12. dxc5 Bxc5 13. O-O-O O-O 14. Bb1 Nd7
15. Nd4 Qf6 16. Qc2 Rd8 17. Qh7+ Kf8 18. Nf5 g6 19. Qxh6+ Kg8 20. Nd4 Ne5 21.
Qg5 Qxg5 22. hxg5 Ng4 23. Rd2 Be7 24. Bxg6 Bxg5 25. Rh5 Bf6 26. Bf5 Bxd4 27.
Rxd4 Nf6 28. Rg5+ Kf8 29. Bxe6 fxe6 30. Rf4 Kf7 31. e4 d4 32. e5 dxc3 33. Rxf6+
Ke7 34. Rg7+ Ke8 35. Rg8+ Ke7 36. Rxd8 Kxd8 37. Rxe6 1-0

[Event "Prague Int Open 2026"]
[Site "Prague CZE"]
[Date "2026.03.01"]
[Round "4.5"]
[White "Prazak, Daniel"]
[Black "Mayank, Chakraborty"]
[Result "1/2-1/2"]
[WhiteTitle "FM"]
[BlackTitle "IM"]
[WhiteElo "2332"]
[BlackElo "2473"]
[WhiteFideId "23709456"]
[BlackFideId "25659766"]
[EventDate "2026.02.26"]

1. e4 c5 2. Nf3 e6 3. d4 cxd4 4. Nxd4 Nf6 5. Nc3 Nc6 6. Nxc6 bxc6 7. e5 Nd5 8.
Ne4 Qc7 9. f4 Rb8 10. c4 Bb4+ 11. Ke2 O-O 12. cxd5 cxd5 13. Ng5 h6 14. Nf3 f6
15. a3 Be7 16. Ke1 fxe5 17. Nxe5 Bf6 18. Be2 d6 19. Ng6 Re8 20. Rf1 Qb6 21. Qd3
Bd7 22. Rb1 Rbc8 23. Bd2 Rc4 24. Be3 Bd4 25. b3 Bxe3 26. bxc4 Qa5+ 27. Rb4 Bc5
28. Qc3 d4 29. Qd2 Qxa3 30. Rb1 e5 31. f5 e4 32. f6 e3 33. f7+ Kh7 34. Qc2 Qa5+
35. Kd1 Ba4 36. Nf8+ Kh8 37. Ng6+ Kh7 38. Nf8+ Kh8 39. Ng6+ 1/2-1/2

[Event "Prague Int Open 2026"]
[Site "Prague CZE"]
[Date "2026.03.01"]
[Round "4.6"]
[White "Ioannidis, Evgenios"]
[Black "Vardanyan, Aras"]
[Result "1/2-1/2"]
[WhiteTitle "GM"]
[BlackTitle "FM"]
[WhiteElo "2469"]
[BlackElo "2366"]
[WhiteFideId "4229274"]
[BlackFideId "12808792"]
[EventDate "2026.02.26"]

1. c4 e6 2. Nc3 d5 3. d4 h6 4. Nf3 Nf6 5. a3 c6 6. c5 Nbd7 7. b4 Qc7 8. g3 e5 9.
Bg2 e4 10. Nd2 Be7 11. f3 exf3 12. Nxf3 Nf8 13. Bf4 Qd8 14. Ne5 Ne6 15. O-O O-O
16. Qd3 Ne4 17. Nxe4 dxe4 18. Bxe4 Qxd4+ 19. Qxd4 Nxd4 20. Bd3 Bf6 21. Nc4 Re8
22. Kf2 Bh3 23. Rfe1 Ne6 24. Be3 Bxa1 25. Rxa1 Nc7 26. Bf4 Nd5 27. Nd6 Re7 28.
e4 Nf6 29. Kg1 a5 30. b5 cxb5 31. Bxb5 Nxe4 32. c6 Nxd6 33. Bxd6 bxc6 34. Bxc6
Re6 35. Bxa8 Rxd6 36. Rb1 g5 37. Rb5 a4 38. Bd5 Bd7 39. Ra5 Rb6 40. Ra7 Be8 41.
Be4 Rd6 42. Kf2 Kg7 43. Ke3 Rd1 44. Bd3 Re1+ 45. Kd4 Rh1 46. Ra8 Bd7 47. Ra7 Be6
48. Rxa4 Rxh2 49. Ra8 Rd2 50. Rd8 Ra2 51. Ra8 h5 52. Ra5 Kf6 53. Ke3 h4 54. gxh4
gxh4 55. Be4 h3 56. Kf4 Rf2+ 57. Kg3 Re2 58. Bh1 Re3+ 59. Kh2 Bf5 60. Ra7 Kg6
61. a4 f6 62. a5 Ra3 63. a6 Kh5 64. Bd5 Ra5 65. Bc4 Be4 66. Kxh3 Ra3+ 67. Kh2
Kg4 68. Rg7+ Kf4 69. Kg1 Ke3 70. Rg3+ Bf3 71. Bf1 Kf4 72. Rg7 Ra1 73. Kf2 Ra2+
74. Kg1 f5 75. a7 Be4 76. Rh7 Ke5 77. Bc4 Ra4 78. Be2 Ba8 79. Kf2 1/2-1/2

[Event "Prague Int Open 2026"]
[Site "Prague CZE"]
[Date "2026.03.01"]
[Round "4.7"]
[White "Haring, Filip"]
[Black "Atalik, Ekaterina"]
[Result "1/2-1/2"]
[WhiteTitle "GM"]
[BlackTitle "IM"]
[WhiteElo "2461"]
[BlackElo "2348"]
[WhiteFideId "14933080"]
[BlackFideId "4130189"]
[EventDate "2026.02.26"]

1. e4 c6 2. d4 d5 3. e5 c5 4. Nf3 cxd4 5. Nxd4 Nc6 6. Nxc6 bxc6 7. Bd3 e6 8. O-O
Ne7 9. Nd2 Ng6 10. Nf3 Be7 11. Qe2 a5 12. a4 O-O 13. b3 c5 14. Bd2 Bb7 15. Rfe1
Qc7 16. Rab1 Rab8 17. Bg5 d4 18. Bd2 Bd5 19. Be4 Rfd8 20. Bxd5 Rxd5 21. g3 Bd8
22. h4 Ne7 23. h5 Nc6 24. Qe4 Qd7 25. Qg4 Kh8 26. Rbd1 Nb4 27. h6 g6 28. Bxb4
Rxb4 29. Rd3 Bc7 30. Re4 Kg8 31. Kg2 Qd8 32. Rd1 Qf8 33. Qh4 Bd8 34. Qh1 Bc7 35.
Rd3 Qa8 36. Kg1 c4 37. bxc4 Rxc4 38. Rexd4 Rdxd4 39. Nxd4 Qxh1+ 40. Kxh1 Kf8 41.
f4 g5 42. Nb5 gxf4 43. gxf4 Ke7 44. c3 Bb8 45. Rd4 Rc5 46. Kg2 f6 47. exf6+ Kxf6
48. Kf3 Ke7 49. Re4 Kf6 50. Kg4 e5 51. fxe5+ Bxe5 52. c4 Rc8 53. Kf3 Rg8 54. c5
Ke6 55. c6 Kd5 56. c7 Rc8 57. Ke3 Bxc7 58. Re7 Be5 59. Rxh7 Rc4 60. Re7 Rxa4 61.
h7 Rh4 62. Kd3 a4 63. Ra7 1/2-1/2

[Event "Prague Int Open 2026"]
[Site "Prague CZE"]
[Date "2026.03.01"]
[Round "4.8"]
[White "Gloeckler, Christian"]
[Black "Heinrich, John"]
[Result "1-0"]
[WhiteTitle "IM"]
[BlackTitle "FM"]
[WhiteElo "2444"]
[BlackElo "2333"]
[WhiteFideId "34608966"]
[BlackFideId "16259491"]
[EventDate "2026.02.26"]

1. e4 e5 2. Nf3 Nc6 3. Bb5 a6 4. Ba4 Nf6 5. O-O Be7 6. d3 b5 7. Bb3 d6 8. Bd2
Bg4 9. c3 O-O 10. h3 Bh5 11. Re1 Na5 12. Bc2 c5 13. Bc1 Qc7 14. Nbd2 Rad8 15.
Qe2 Rfe8 16. g4 Bg6 17. a4 Nc6 18. Nh4 d5 19. Ndf3 d4 20. axb5 axb5 21. Bd2 dxc3
22. bxc3 Ra8 23. Reb1 Rxa1 24. Rxa1 Nd7 25. Bb3 Na5 26. Bc2 c4 27. Rb1 Rb8 28.
Nxg6 hxg6 29. d4 Nc6 30. Kg2 Bd6 31. Be3 Nd8 32. dxe5 Nxe5 33. Nd4 b4 34. cxb4
Rxb4 35. Qd1 Rxb1 36. Qxb1 Bc5 37. Qb5 Nb7 38. Qe8+ Kh7 39. Nb5 Qb6 40. Qxe5
Qxb5 41. Bd4 f6 42. Qd5 Qb4 43. Bxf6 gxf6 44. Qf7+ Kh8 45. e5 Qd2 46. Qe8+ Kg7
47. Qxg6+ Kf8 48. Qxf6+ Kg8 49. Qe6+ Kg7 50. Qg6+ Kf8 51. Qf6+ Kg8 52. Be4 c3
53. Qg6+ Kf8 54. Qf6+ Kg8 55. e6 Nd6 56. Qg6+ Kf8 57. Qf6+ Kg8 58. Qd8+ Kg7 59.
Qe7+ 1-0

[Event "Prague Int Open 2026"]
[Site "Prague CZE"]
[Date "2026.03.01"]
[Round "4.9"]
[White "Cnejev, Vladimir-Alexandru"]
[Black "Jares, Michal"]
[Result "1/2-1/2"]
[WhiteTitle "FM"]
[BlackTitle "FM"]
[WhiteElo "2414"]
[BlackElo "2324"]
[WhiteFideId "1260898"]
[BlackFideId "386839"]
[EventDate "2026.02.26"]

1. e4 c6 2. d4 d5 3. e5 Bf5 4. h4 h5 5. Bd3 Bxd3 6. Qxd3 Qa5+ 7. Nd2 e6 8. Nf3
Nh6 9. O-O Nf5 10. Nb3 Qa6 11. Qd1 Be7 12. g3 Nd7 13. c3 g6 14. a4 c5 15. dxc5
Nxc5 16. Nxc5 Bxc5 17. Kg2 Be7 18. Re1 O-O 19. Be3 Rac8 20. Nd4 Nxe3+ 21. Rxe3
Kg7 22. b4 Qc4 23. a5 a6 24. Qf3 Qc7 25. Qf4 Bd8 26. Rf3 Qe7 27. Qe3 Rc4 28. Rf4
Qc7 29. Ne2 Be7 30. Rd1 Rxf4 31. Qxf4 Rc8 32. Rd3 Qc4 33. Qe3 Qa2 34. Rd2 Qb1
35. Rd4 Qb3 36. f3 Qb1 37. Rd2 Rc4 38. Qd3 Qxd3 39. Rxd3 f6 40. exf6+ Bxf6 41.
Kf2 Kf7 1/2-1/2

[Event "Prague Int Open 2026"]
[Site "Prague CZE"]
[Date "2026.03.01"]
[Round "4.10"]
[White "Campos, Maria Jose"]
[Black "Stalmach, Richard"]
[Result "0-1"]
[WhiteTitle "WIM"]
[BlackTitle "IM"]
[WhiteElo "2192"]
[BlackElo "2408"]
[WhiteFideId "146803"]
[BlackFideId "372048"]
[EventDate "2026.02.26"]

1. d4 Nf6 2. c4 e6 3. Nc3 Bb4 4. e3 O-O 5. Bd3 c5 6. Ne2 d5 7. cxd5 cxd4 8. exd4
Nxd5 9. O-O Nc6 10. Bc2 Be7 11. a3 b6 12. Qd3 g6 13. Bh6 Re8 14. Bb3 Nxc3 15.
Qxc3 Bd7 16. Rad1 Na5 17. Ba2 Rc8 18. Qf3 Ba4 19. d5 Bxd1 20. Rxd1 Nc4 21. Rd4
exd5 22. Rxd5 Qc7 23. g3 Qc6 24. Nc3 Qf6 25. Qg4 Ne5 26. Qa4 g5 27. Qd1 Bc5 28.
Ne4 Qxh6 29. b4 Bf8 30. f4 gxf4 31. Rxe5 Rxe5 32. Qg4+ Kh8 33. Qxc8 Rxe4 0-1

[Event "Prague Int Open 2026"]
[Site "Prague CZE"]
[Date "2026.03.01"]
[Round "4.11"]
[White "Korszanski, Stanislaw"]
[Black "Moroni, Luca Jr"]
[Result "1-0"]
[WhiteTitle "CM"]
[BlackTitle "GM"]
[WhiteElo "2175"]
[BlackElo "2563"]
[WhiteFideId "21059470"]
[BlackFideId "865834"]
[EventDate "2026.02.26"]

1. e4 d6 2. d4 Nf6 3. Nc3 Nbd7 4. Nf3 e5 5. Bc4 h6 6. h3 c6 7. a4 Be7 8. Be3 Qc7
9. Ba2 Nf8 10. Qe2 Ng6 11. g4 Nh7 12. O-O-O Ng5 13. Qc4 Bd8 14. Bxg5 hxg5 15.
dxe5 Nxe5 16. Nxe5 dxe5 17. Rxd8+ Kxd8 18. Rd1+ Bd7 19. Qxf7 Re8 20. Be6 Re7 21.
Qf8+ Re8 22. Qf5 Rxe6 23. Qxe6 Kc8 24. Qg8+ Qd8 25. Qxg7 Qe8 26. Qxg5 Qe6 27. f4
exf4 28. Qxf4 b6 29. Rd6 Qe7 30. Rf6 Be8 31. e5 Qc5 32. Kb1 Qg1+ 33. Ka2 Qc5 34.
Ne4 1-0

[Event "Prague Int Open 2026"]
[Site "Prague CZE"]
[Date "2026.03.01"]
[Round "4.12"]
[White "Agdestein, Simen"]
[Black "Pigott, John C"]
[Result "1/2-1/2"]
[WhiteTitle "GM"]
[BlackTitle "IM"]
[WhiteElo "2562"]
[BlackElo "2274"]
[WhiteFideId "1500015"]
[BlackFideId "400459"]
[EventDate "2026.02.26"]

1. d4 Nf6 2. c4 e6 3. Nc3 Bb4 4. e3 O-O 5. a3 Bxc3+ 6. bxc3 c5 7. Bd3 Nc6 8. Ne2
b6 9. e4 Ne8 10. O-O Ba6 11. f4 f5 12. exf5 exf5 13. dxc5 bxc5 14. Be3 d6 15.
Ng3 g6 16. Re1 Nf6 17. h3 Qd7 18. Qa4 Bb7 19. Bf2 Rae8 20. Rab1 Ba8 21. Qc2 Nd8
22. Qd2 Qc6 23. Bf1 Ne6 24. Rbd1 d5 25. cxd5 Nxd5 26. Ne2 Rd8 27. Qc1 Qc7 28. c4
Ndxf4 29. Nxf4 Nxf4 30. Rxd8 Rxd8 31. Qe3 Be4 32. Qxc5 Qxc5 33. Bxc5 Rd7 34. Be3
Ne6 35. c5 Kf7 36. a4 Rc7 37. Rc1 Kf6 38. a5 Ke5 39. h4 f4 40. Bf2 h6 41. Re1
Kd5 42. Ba6 Bf5 43. Rd1+ Ke5 44. Bc4 Kf6 45. Rd6 Ke7 46. Rd5 Rd7 47. Re5 Rd1+
48. Kh2 Rd2 49. Re2 Rxe2 50. Bxe2 Be4 51. c6 Bxc6 52. Bxa7 Kd6 53. Bb6 Bd5 54.
a6 Kc6 55. Ba5 Nd4 56. Bd3 f3 57. Bc3 Nb5 58. Bg7 fxg2 59. Bxg6 Kb6 60. Bxh6
Kxa6 61. Be3 Nd6 62. h5 Nf7 63. Kg3 Kb7 64. Kf4 Kc7 65. Kf5 Kd6 66. Bg1 Nh8 67.
Be8 Ke7 68. Bb5 Kf7 69. Be2 Kg7 70. Ke5 Bc6 1/2-1/2

[Event "Prague Int Open 2026"]
[Site "Prague CZE"]
[Date "2026.03.01"]
[Round "4.13"]
[White "Manukyan, Sargis V."]
[Black "Guidarelli, Laurent"]
[Result "1/2-1/2"]
[WhiteTitle "FM"]
[BlackTitle "GM"]
[WhiteElo "2253"]
[BlackElo "2467"]
[WhiteFideId "13303465"]
[BlackFideId "611123"]
[EventDate "2026.02.26"]

1. d4 d5 2. c4 c6 3. Nf3 e6 4. Qc2 Nf6 5. g3 Ne4 6. Bg2 Bd6 7. Nc3 f5 8. O-O O-O
9. Rb1 b6 10. b4 Bb7 11. Ne5 Nd7 12. f4 Rc8 13. c5 1/2-1/2

[Event "Prague Int Open 2026"]
[Site "Prague CZE"]
[Date "2026.03.01"]
[Round "4.14"]
[White "Yaniv, Yuval"]
[Black "Welling, Gerard"]
[Result "1/2-1/2"]
[WhiteTitle "IM"]
[BlackTitle "IM"]
[WhiteElo "2467"]
[BlackElo "2234"]
[WhiteFideId "2823900"]
[BlackFideId "1000446"]
[EventDate "2026.02.26"]

1. e4 c6 2. d4 d5 3. e5 Bf5 4. g4 Be4 5. f3 Bg6 6. e6 Qd6 7. exf7+ Bxf7 8. Nc3
Nd7 9. f4 O-O-O 10. Nf3 Nh6 11. Ne5 Nxe5 12. fxe5 Qd7 13. Be2 e6 14. Bf4 Be7 15.
h4 Rdf8 16. Qd2 Qd8 17. Bg3 g5 18. h5 Be8 19. Na4 b6 20. b3 Kb8 21. Nb2 c5 22.
c3 Qc7 23. a4 Nf7 24. O-O Nd8 25. Nd3 Nb7 26. b4 c4 27. Nf2 h6 28. Nd1 Rxf1+ 29.
Bxf1 a6 30. Ne3 Qd8 31. Bg2 Ka7 32. Bf3 Bf7 33. Qg2 Qd7 34. Bd1 Nd8 35. Bf3 Rf8
36. Qe2 Bg8 37. Qg2 Qc8 38. Rf1 Qd7 39. Bd1 Rxf1+ 40. Nxf1 Bf8 41. Bc2 Nc6 42.
Qd2 Qf7 43. Kg2 Ne7 44. Qd1 Kb7 45. Ne3 Ka7 46. Be1 Kb7 47. Bd2 Ka7 48. Nf1 Kb7
49. Be3 Kc7 50. Nd2 Kd7 51. Qe2 Bh7 52. Qd1 Bxc2 53. Qxc2 Ke8 54. Nf3 Qg8 55.
Kg3 Kd7 56. Qb1 Qg7 57. Nd2 Qf7 58. Nf3 Qg7 59. Ng1 Qf7 60. Nh3 Ke8 61. Bd2 Kd7
62. Kg2 Ke8 63. Be3 Kd7 64. Kg3 Ke8 65. Kg2 1/2-1/2

[Event "Prague Int Open 2026"]
[Site "Prague CZE"]
[Date "2026.03.01"]
[Round "4.15"]
[White "Imomkuzieva, Nilufarkhon"]
[Black "Zhao, Yuanhe"]
[Result "0-1"]
[WhiteTitle "WFM"]
[BlackTitle "IM"]
[WhiteElo "2232"]
[BlackElo "2466"]
[WhiteFideId "14216736"]
[BlackFideId "8609497"]
[EventDate "2026.02.26"]

1. e4 c5 2. Nf3 Nc6 3. d4 cxd4 4. Nxd4 e5 5. Nb5 a6 6. Nd6+ Bxd6 7. Qxd6 Qe7 8.
Qd1 Nf6 9. Nc3 d6 10. Bg5 Be6 11. Nd5 Bxd5 12. exd5 Nb8 13. Be2 O-O 14. O-O Nbd7
15. c4 h6 16. Be3 a5 17. a4 Nh7 18. f4 exf4 19. Bxf4 Nc5 20. Ra3 Rae8 21. Re3
Qd8 22. Kh1 Ng5 23. Bd3 b6 24. Bb1 Nge4 25. Qh5 Qf6 26. Ref3 Ng5 27. Bxg5 Qxg5
28. Qh3 Re7 29. Rf5 Qe3 30. Qg4 Nd7 31. R5f3 Qg5 32. Qd4 Rfe8 33. Kg1 Re1 34.
Qd3 Rxf1+ 35. Rxf1 g6 36. Qf3 Qe3+ 37. Qxe3 Rxe3 38. Bc2 Ne5 39. b3 Kg7 40. Bd1
f5 41. Kf2 f4 42. g3 Nd3+ 43. Kg2 g5 44. gxf4 gxf4 45. Kg1 Kf6 46. Bc2 Ke5 47.
Bxd3 Rxd3 48. Re1+ Re3 49. Rb1 Kd4 50. b4 Kxc4 51. bxa5 bxa5 52. Rb5 Ra3 53.
Rxa5 Ra2 54. Ra8 Kxd5 55. a5 Ke4 56. a6 Kf3 57. h3 Kg3 58. Kf1 Ra1+ 59. Ke2 f3+
60. Ke3 Ra3+ 61. Kd2 Ra2+ 62. Ke3 f2 63. Rf8 Kg2 64. Rg8+ Kxh3 65. Rf8 Kg2 66.
Rg8+ Kf1 0-1

[Event "Prague Int Open 2026"]
[Site "Prague CZE"]
[Date "2026.03.01"]
[Round "4.16"]
[White "Harish, Neeraj"]
[Black "Shagbazyan, Taron"]
[Result "1-0"]
[WhiteTitle "CM"]
[BlackTitle "IM"]
[WhiteElo "2223"]
[BlackElo "2435"]
[WhiteFideId "30958130"]
[BlackFideId "14122073"]
[EventDate "2026.02.26"]

1. e4 c6 2. d4 d5 3. e5 Bf5 4. h4 h5 5. Bd3 Bxd3 6. Qxd3 Qa5+ 7. Nd2 e6 8. Ne2
Nd7 9. O-O Ne7 10. Nf3 Qb5 11. Qd1 Ng6 12. a4 Qb6 13. a5 Qd8 14. Bg5 Be7 15. g3
f6 16. Qd3 Kf7 17. Bf4 a6 18. c4 dxc4 19. Qxc4 Re8 20. Bd2 fxe5 21. Ng5+ Bxg5
22. Bxg5 Nf6 23. f4 exf4 24. Nxf4 Nxf4 25. Rxf4 Kg8 26. Qd3 Rf8 27. Raf1 Qe8 28.
Bxf6 Rxf6 29. Rxf6 gxf6 30. Rxf6 Kg7 31. Qf3 Qe7 32. Rf4 Rh8 33. g4 e5 34. dxe5
Rd8 35. gxh5 Qxe5 36. Qg3+ 1-0

[Event "Prague Int Open 2026"]
[Site "Prague CZE"]
[Date "2026.03.02"]
[Round "5.1"]
[White "Stalmach, Richard"]
[Black "Zhao, Jun"]
[Result "1-0"]
[WhiteTitle "IM"]
[BlackTitle "GM"]
[WhiteElo "2408"]
[BlackElo "2533"]
[WhiteFideId "372048"]
[BlackFideId "8602522"]
[EventDate "2026.02.26"]

1. d4 Nf6 2. c4 e6 3. Nc3 d5 4. Nf3 a6 5. cxd5 exd5 6. Bg5 Be6 7. Bxf6 Qxf6 8.
Qb3 Ra7 9. a3 Qd8 10. h4 Be7 11. e4 c6 12. e5 Nd7 13. Qc2 c5 14. dxc5 Qc7 15.
O-O-O Qxc5 16. b4 Qc6 17. Nd4 Qc8 18. f4 Bg4 19. Be2 Nb6 20. Bxg4 Qxg4 21. Nf5
Qxf4+ 22. Kb1 Nc4 23. Ka2 Nxa3 24. Kxa3 Bxb4+ 25. Ka2 Qc4+ 26. Kb2 O-O 27. Nxd5
Ba3+ 28. Kb1 Qxc2+ 29. Kxc2 Bc5 30. Rh3 b6 31. h5 Kh8 32. h6 g6 33. Nd6 f5 34.
Rb3 Rb8 35. Nf6 Re7 36. e6 1-0